00241nam a2200121Ia 4500100001800000650001200018366000700030245002700037260002000064082001500084300000800099546001200107 aHay/Louise L  aGeneral f20 aYou can heal your life bHay housec2005 a808.3bHAY a253 aENGLISH